MATMAT - S2 - PLATRE - Statistiques

Statistiques générales
  • Ce quiz a été pris 32 fois
  • Le résultat moyen est 3 sur 5
Statistiques - réponses
Question Réponse % Correct
Quelle est la conductivité thermique du plâtre pour ρ > 1100 kg/m³ ? 0,52 W/m·K
100%
Quelle est la masse volumique du plâtre ? 2,6 à 2,79 g/cm³
100%
Quel est le rôle principal d’un liant ? Assurer la cohésion des matériaux
100%
Quel est le produit formé lors de la cuisson du gypse entre 110 et 180 °C ? CaSO₄ · ½H₂O
100%
Comment évolue la résistance à la compression en présence d’eau ? Elle diminue de 20 %
100%
Que mesure le test de Blaine ? La finesse des grains
100%
Le plâtre a une mauvaise adhérence sur : Le bois
100%
Comment appelle-t-on le plâtre formé entre 400 et 600 °C ? Plâtre surcuit (plâtre aluné)
100%
La résistance à la traction est environ : 4 à 5 fois inférieure à la compression
75%
Quelle est la dureté superficielle du plâtre selon l’échelle Shore (type C) ? 55 à 80
50%
Quel type de plâtre est conçu pour des moulures décoratives ? Plâtre à staff
50%
Quel appareil est utilisé pour mesurer le temps de prise du plâtre ? Vicat
33%
Le carreau de plâtre qui résiste le mieux à l’eau est : Carreau à faible absorption d’eau
0%
Quelle est la formule chimique du gypse ? CaSO₄ · 2H₂O
0%
Quelle est la bonne équation chimique lors du gâchage du plâtre ? CaSO₄ · ½H₂O + 1½ H₂O → CaSO₄ · 2H₂O
0%
Aucun quiz correspondant
Distribution des résultats
% des personnes avec chaque résultat
Percentile par nombre de réponses
Votre historique - résultats
Vous n’avez pas pris ce quiz